000 00358nam a22001217a 4500
082 _a200 THE
100 _aSyed Afaq Ali Shah
_970553
245 _aTH-SOF-1044-DESIGN OF SPLIT RING RESONATOR
260 _aISLAMABAD
_bNUST COLLEGE OF EME
_c2014
650 _aMS-ELECT-71 MSTHESIS
700 _aSUPERVISOR Dr .Syed Muhammad Tahir Zaidi
_969742
942 _cCF
999 _c577527
_d577527